[Event "Pontevedra op-B 6th"]
[Site "Pontevedra"]
[Date "2018.08.13"]
[Round "8"]
[White "Moreira Mera, Julio Cesar"]
[Black "Carrascal Prado, Manuel"]
[Result "0-1"]
[WhiteElo "1197"]
[BlackElo "1017"]
[PlyCount "110"]
[EventDate "2018.08.08"]
[EventType "swiss"]
[EventRounds "9"]
[EventCountry "ESP"]
[SourceTitle "CBM 186 Extra"]
[Source "ChessBase"]
[SourceDate "2018.08.24"]
[SourceVersion "1"]
[SourceVersionDate "2018.08.24"]
[SourceQuality "1"]

1. e4 e5 2. Nf3 Nc6 3. d4 exd4 4. Nxd4 Bc5 5. Be3 Qf6 6. Nc3 Nxd4 7. Nd5 Qe5 8. c3 Nc6 9. Bxc5 Nce7 10. Qd4 Qxd4 11. cxd4 Nxd5 12. exd5 d6 13. Bb4 Nf6 14. Bc4 Bf5 15. 0-0 0-0-0 16. f3 Kd7 17. Rac1 a6 18. a4 Ra8 19. Bc3 Rhb8 20. Ba2 b5 21. a5 Ra7 22. b4 Rc8 23. Bd2 Bg6 24. g4 Ng8 25. f4 f6 26. f5 Bf7 27. h3 Ne7 28. g5 Bxd5 29. gxf6 gxf6 30. Bxd5 Nxd5 31. Rf3 c6 32. Rg3 Rac7 33. Rg7+ Ke8 34. Rg8+ Kf7 35. Rg4 c5 36. Bh6 Rg8 37. Rxg8 Kxg8 38. Re1 Re7 39. Rxe7 Nxe7 40. dxc5 dxc5 41. bxc5 Kf7 42. Bf4 Ke8 43. Kf2 Nxf5 44. Bc1 Kd7 45. Bb2 Kc6 46. Ba3 Nd4 47. Ke3 Nb3 48. Bb2 Kxc5 49. Bxf6 Nxa5 50. Be7+ Kc4 51. Kd2 Kb3 52. Kc1 Ka2 53. Kc2 Nc6 54. Bd6 a5 55. Kc3 b4+ 0-1

[Event "Pontevedra op-B 6th"]
[Site "Pontevedra"]
[Date "2018.08.12"]
[Round "6"]
[White "Carrascal Prado, Manuel"]
[Black "Goncalves, Lucas Jordao"]
[Result "0-1"]
[WhiteElo "1017"]
[BlackElo "1434"]
[PlyCount "42"]
[EventDate "2018.08.08"]
[EventType "swiss"]
[EventRounds "9"]
[EventCountry "ESP"]
[SourceTitle "CBM 186 Extra"]
[Source "ChessBase"]
[SourceDate "2018.08.24"]
[SourceVersion "1"]
[SourceVersionDate "2018.08.24"]
[SourceQuality "1"]

1. e4 e5 2. Nf3 Nc6 3. Bb5 a6 4. Ba4 Nf6 5. 0-0 Be7 6. Re1 b5 7. Bb3 0-0 8. c3 d6 9. d4 exd4 10. cxd4 Na5 11. Bc2 c5 12. d5 Nc4 13. h3 Nd7 14. b3 Bf6 15. bxc4 Bxa1 16. Bf4 Nb6 17. e5 dxe5 18. Bxh7+ Kxh7 19. Ng5+ Kg6 20. Qd3+ Bf5 21. Ne4 exf4 0-1

[Event "Pontevedra op-B 6th"]
[Site "Pontevedra"]
[Date "2018.08.09"]
[Round "2"]
[White "Carrascal Prado, Manuel"]
[Black "Garcia Garcia, Aida"]
[Result "0-1"]
[WhiteElo "1017"]
[BlackElo "1365"]
[PlyCount "46"]
[EventDate "2018.08.08"]
[EventType "swiss"]
[EventRounds "9"]
[EventCountry "ESP"]
[SourceTitle "CBM 186 Extra"]
[Source "ChessBase"]
[SourceDate "2018.08.24"]
[SourceVersion "1"]
[SourceVersionDate "2018.08.24"]
[SourceQuality "1"]

1. e4 c5 2. Nf3 e6 3. d4 cxd4 4. Nxd4 Nf6 5. Nc3 Nc6 6. f3 Bb4 7. Be3 Bxc3+ 8. bxc3 d5 9. c4 dxe4 10. Be2 Nxd4 11. Qxd4 0-0 12. fxe4 Qxd4 13. Bxd4 Nxe4 14. Bd3 Nd6 15. 0-0 Rd8 16. Bb2 b6 17. Rf4 f6 18. Ba3 e5 19. Rh4 Bf5 20. Rd1 Kh8 21. Bxf5 Nxf5 22. Rxd8+ Rxd8 23. Bb4 Nxh4 0-1